000 00572nam a2200181Ia 4500
005 20250326141101.0
008 250326s9999 xx 000 0 und d
037 _aTextbook
040 _aFMSL
_beng
_cFMSL
041 _aeng
_2eng
084 _aX65.73 P0
_qFMSL
100 _aWesbury B S
_9743659
245 0 _aNew Era of wealth: How investors can profit form the 5 economics trends shaping the future
_cWesbury B S
260 _aNew York
_bNew York, McGraw Hill Companies
_c2000
300 _a199p
942 _cTB
_hX65.73 P0
999 _c1288630
_d1288630